000
00310 a2200109 4500
001
ART_34398
005
20260410161708.0
008
260409a
245
1
0
_a
La tributación de los actos ilícitos
100
1
_a
Freedman, Diego
773
0
_t
Revista Impuestos
_g
- Nº 15 (ago. 2004)
_w
REV639
999
_c
15841
_d
15841